Amerikánka

Bibliographic Details
Main Author: Adichie, Chimamanda Ngozi, 1977- (Author)
Other Authors: Karabová, Kristína, 1985- (Translator)
Format: Book
Language:Slovak
English
PhysicalDescription:616 strán portrét 21 cm
Published: Žilina Absynt 2018
ISBN:9788089876815
Series:100%
Subjects:

MARC

LEADER 00000cam a2200000 4500
001 vtls011734832
003 SK-MaSNL
005 20260301014727.0
008 200104s2018 xo c gr 010 fdslo
015 |a SNBA2018/05 
020 |a 9788089876815  |q (brožované) 
035 |a urn:nbn:sk:snk-am00d18t 
035 |a urn:nbn:sk:snk-am3hi8e 
035 |a C95BB247-2E93-4D7D-8F4A-4F59C08AF38C 
040 |a SNK  |b slo  |c SNK  |e rda 
041 0 |a slo  |h eng 
043 |a n-xxu--  |a f-nr--- 
044 |a xo  |c SK 
072 7 |a 821.111(73)-3  |x Americká próza  |2 konspekt 
080 |a 821.111(669)-31  |2 20011 
080 |a (0:82-311.4)  |2 2011 
080 |a 821.111(73)-31  |2 2011 
100 1 |a Adichie, Chimamanda Ngozi,  |d 1977-  |4 aut  |9 104054 
240 1 0 |a Americanah  |l Slovensky 
245 1 0 |a Amerikánka  |c Chimamanda Ngozi Adichie ; preklad: Kristína Karabová 
264 1 |a Žilina  |b Absynt  |c 2018 
300 |a 616 strán  |b portrét  |c 21 cm 
336 |a text  |b txt  |2 rdacontent 
337 |a bez média  |b n  |2 rdamedia 
338 |a zväzok  |b nc  |2 rdacarrier 
490 1 |a 100%  |v 5. zväzok 
500 |a Preložené z angličtiny 
500 |a Obsahuje biografické údaje o autorke 
655 7 |a nigérijské romány  |2 SNKPH  |9 108332 
655 7 |a Nigerian fiction  |2 SNKPHeng  |9 303481 
655 7 |a sociálne romány  |2 SNKPH  |9 86883 
655 7 |a Social novels  |2 SNKPHeng  |9 282610 
655 7 |a americké romány  |2 SNKPH  |9 1174 
655 7 |a American novels  |2 SNKPHeng  |9 277755 
700 1 |a Karabová, Kristína,  |d 1985-  |4 trl  |9 180105 
830 0 |a 100%  |9 303482 
852 |a Štátna vedecká knižnica v Banskej Bystrici 
919 |a 978-80-89876-81-5 
958 |a LX 
958 |a UP 
958 |a BC 
968 |b ENG 
999 |c 559072  |d 561002 
952 |a SNK  |b SNK  |y PREZ  |7 0  |p 17A1322674  |o snkSC 178720  |i snk2018/6696  |8 0  |0 0  |1 0  |4 0  |d 2018-03-19  |f 1  |l 0  |r 2025-09-19 00:00:00  |w 2026-02-23 
952 |a SNK  |b SNK  |y PREZ  |7 0  |p 17A1322675  |o snkSC 178720 D1  |i snk2018/6697  |8 0  |0 0  |1 0  |4 0  |d 2018-03-19  |l 0  |r 2026-02-23 13:36:23  |w 2026-02-23